<?xml version="1.0" encoding="UTF-8"?>
<record
    xmlns:xsi="http://www.w3.org/2001/XMLSchema-instance"
    xsi:schemaLocation="http://www.loc.gov/MARC21/slim http://www.loc.gov/standards/marcxml/schema/MARC21slim.xsd"
    xmlns="http://www.loc.gov/MARC21/slim">

  <leader>01273nam0a2200325   4500</leader>
  <controlfield tag="001">RU\NLR\bibl\514874</controlfield>
  <controlfield tag="005">20250609143447.0</controlfield>
  <datafield tag="010" ind1=" " ind2=" ">
    <subfield code="a">5-699-05381-6</subfield>
    <subfield code="9">7000</subfield>
  </datafield>
  <datafield tag="021" ind1=" " ind2=" ">
    <subfield code="a">RU</subfield>
    <subfield code="b">2004-13568</subfield>
    <subfield code="9">696</subfield>
  </datafield>
  <datafield tag="035" ind1=" " ind2=" ">
    <subfield code="a">(NLR Aleph) 000507322</subfield>
  </datafield>
  <datafield tag="090" ind1=" " ind2=" ">
    <subfield code="a">1211143</subfield>
    <subfield code="c">1211143</subfield>
  </datafield>
  <datafield tag="100" ind1=" " ind2=" ">
    <subfield code="a">20040423d2004    |||y0rusy50      ca</subfield>
  </datafield>
  <datafield tag="101" ind1="0" ind2=" ">
    <subfield code="a">rus</subfield>
  </datafield>
  <datafield tag="102" ind1=" " ind2=" ">
    <subfield code="a">RU</subfield>
  </datafield>
  <datafield tag="105" ind1=" " ind2=" ">
    <subfield code="a">a   |||||||||</subfield>
  </datafield>
  <datafield tag="200" ind1="1" ind2=" ">
    <subfield code="a">&#x410;&#x442;&#x43B;&#x430;&#x441; &#x434;&#x435;&#x43A;&#x43E;&#x440;&#x430;&#x442;&#x438;&#x432;&#x43D;&#x43E;&#x43B;&#x438;&#x441;&#x442;&#x43D;&#x44B;&#x445; &#x440;&#x430;&#x441;&#x442;&#x435;&#x43D;&#x438;&#x439;</subfield>
    <subfield code="e">&#x41A;&#x43E;&#x43C;&#x43D;&#x430;&#x442;. &#x446;&#x432;&#x435;&#x442;&#x43E;&#x432;&#x43E;&#x434;&#x441;&#x442;&#x432;&#x43E;</subfield>
    <subfield code="f">&#x410;. &#x42E;. &#x41B;&#x438;&#x43C;&#x430;&#x440;&#x435;&#x43D;&#x43A;&#x43E;, &#x422;. &#x412;. &#x41F;&#x430;&#x43B;&#x435;&#x435;&#x432;&#x430;</subfield>
  </datafield>
  <datafield tag="210" ind1=" " ind2=" ">
    <subfield code="a">&#x41C;.</subfield>
    <subfield code="c">&#x42D;&#x43A;&#x441;&#x43C;&#x43E;</subfield>
    <subfield code="a">&#x421;&#x41F;&#x431;.</subfield>
    <subfield code="c">&#x421;&#x43E;&#x432;&#x430;</subfield>
    <subfield code="d">2004</subfield>
  </datafield>
  <datafield tag="215" ind1=" " ind2=" ">
    <subfield code="a">143 &#x441;.</subfield>
    <subfield code="c">&#x446;&#x432;. &#x438;&#x43B;.</subfield>
    <subfield code="d">21</subfield>
  </datafield>
  <datafield tag="300" ind1=" " ind2=" ">
    <subfield code="a">&#x41D;&#x430; 4-&#x439; &#x441;. &#x430;&#x432;&#x442;.: &#x43A;.&#x431;.&#x43D;. &#x410;. &#x42E;. &#x41B;&#x438;&#x43C;&#x430;&#x440;&#x435;&#x43D;&#x43A;&#x43E;, &#x43A;.&#x431;.&#x43D;. &#x422;. &#x412;. &#x41F;&#x430;&#x43B;&#x435;&#x435;&#x432;&#x430;</subfield>
  </datafield>
  <datafield tag="320" ind1=" " ind2=" ">
    <subfield code="a">&#x423;&#x43A;&#x430;&#x437;. &#x440;&#x443;&#x441;. &#x43D;&#x430;&#x437;&#x432;. &#x440;&#x430;&#x441;&#x442;&#x435;&#x43D;&#x438;&#x439;: &#x441;. 138-143</subfield>
  </datafield>
  <datafield tag="606" ind1="0" ind2=" ">
    <subfield code="a">&#x41A;&#x43E;&#x43C;&#x43D;&#x430;&#x442;&#x43D;&#x43E;&#x435; &#x446;&#x432;&#x435;&#x442;&#x43E;&#x432;&#x43E;&#x434;&#x441;&#x442;&#x432;&#x43E;</subfield>
    <subfield code="j">&#x410;&#x442;&#x43B;&#x430;&#x441;&#x44B;</subfield>
    <subfield code="9">1344292</subfield>
    <subfield code="3">RU\NLR\auth\66560763</subfield>
  </datafield>
  <datafield tag="686" ind1=" " ind2=" ">
    <subfield code="a">&#x41F;274-455.5&#x44F;61</subfield>
  </datafield>
  <datafield tag="700" ind1=" " ind2="1">
    <subfield code="a">&#x41B;&#x438;&#x43C;&#x430;&#x440;&#x435;&#x43D;&#x43A;&#x43E;</subfield>
    <subfield code="b">&#x410;. &#x42E;.</subfield>
    <subfield code="g">&#x410;&#x43D;&#x434;&#x440;&#x435;&#x439; &#x42E;&#x440;&#x44C;&#x435;&#x432;&#x438;&#x447;</subfield>
    <subfield code="4">070</subfield>
  </datafield>
  <datafield tag="701" ind1=" " ind2="1">
    <subfield code="a">&#x41F;&#x430;&#x43B;&#x435;&#x435;&#x432;&#x430;</subfield>
    <subfield code="b">&#x422;. &#x412;.</subfield>
    <subfield code="g">&#x422;&#x430;&#x442;&#x44C;&#x44F;&#x43D;&#x430; &#x412;&#x43B;&#x430;&#x434;&#x438;&#x43B;&#x435;&#x43D;&#x43E;&#x432;&#x43D;&#x430;</subfield>
    <subfield code="4">070</subfield>
  </datafield>
  <datafield tag="801" ind1=" " ind2="0">
    <subfield code="a">RU</subfield>
    <subfield code="b">NLR</subfield>
    <subfield code="c">20040423</subfield>
    <subfield code="g">PSBO</subfield>
  </datafield>
  <datafield tag="801" ind1=" " ind2="1">
    <subfield code="a">RU</subfield>
    <subfield code="b">NLR</subfield>
    <subfield code="c">20040423</subfield>
  </datafield>
  <datafield tag="942" ind1=" " ind2=" ">
    <subfield code="c">BOOK</subfield>
  </datafield>
  <datafield tag="980" ind1=" " ind2=" ">
    <subfield code="a">NB</subfield>
  </datafield>
  <datafield tag="995" ind1=" " ind2=" ">
    <subfield code="5">2004-04-23</subfield>
    <subfield code="a">ad</subfield>
    <subfield code="b">NLR01</subfield>
    <subfield code="c">NLR01</subfield>
    <subfield code="e">RF3</subfield>
    <subfield code="f">677158</subfield>
    <subfield code="k">2004-3/9094</subfield>
    <subfield code="o">0</subfield>
    <subfield code="r">BOOK</subfield>
    <subfield code="s">200439094_</subfield>
  </datafield>
  <datafield tag="995" ind1=" " ind2=" ">
    <subfield code="5">2004-04-23</subfield>
    <subfield code="a">ad</subfield>
    <subfield code="b">NLR01</subfield>
    <subfield code="c">NLR01</subfield>
    <subfield code="e">RF3</subfield>
    <subfield code="f">677159</subfield>
    <subfield code="k">2004-3/9094</subfield>
    <subfield code="o">0</subfield>
    <subfield code="r">BOOK</subfield>
    <subfield code="s">200439094_</subfield>
  </datafield>
</record>
